दूर आकाश कका पंछी / (Record no. 115041)

MARC details
000 -LEADER
fixed length control field 00993nam a22002777a 4500
003 - CONTROL NUMBER IDENTIFIER
control field dpl
005 - DATE AND TIME OF LATEST TRANSACTION
control field 20181116154928.0
008 - FIXED-LENGTH DATA ELEMENTS--GENERAL INFORMATION
fixed length control field 181116b ||||| |||| 00| 0 eng d
010 ## - LIBRARY OF CONGRESS CONTROL NUMBER
LC control number B-057911
020 ## - INTERNATIONAL STANDARD BOOK NUMBER
Terms of availability 110.00
035 ## - SYSTEM CONTROL NUMBER
System control number B-057911, B-057933
037 ## - SOURCE OF ACQUISITION
Source of stock number/acquisition Cen Lib/Ret
040 ## - CATALOGING SOURCE
Original cataloging agency DPL
Language of cataloging HN
Transcribing agency 0
082 ## - DEWEY DECIMAL CLASSIFICATION NUMBER
Classification number
Item number दासगो
100 ## - MAIN ENTRY--PERSONAL NAME
Personal name दास गौरहरि
9 (RLIN) 59611
245 ## - TITLE STATEMENT
Title दूर आकाश कका पंछी /
Statement of responsibility, etc गौरहरि दास
246 ## - VARYING FORM OF TITLE
Title proper/short title Door aakash ka panchhin
Remainder of title by Gourhari Daas
260 ## - PUBLICATION, DISTRIBUTION, ETC. (IMPRINT)
Place of publication, distribution, etc कटक
Name of publisher, distributor, etc शबनम पुस्तक महल
Date of publication, distribution, etc 2000
270 ## - ADDRESS
Address बादाम वाडी
City कटक
300 ## - PHYSICAL DESCRIPTION
Extent 119पृष्ठ.
Dimensions 20सेमी(सजिल्द)
650 ## - SUBJECT ADDED ENTRY--TOPICAL TERM
Topical term or geographic name as entry element हिंदी साहित्य
9 (RLIN) 59612
650 ## - SUBJECT ADDED ENTRY--TOPICAL TERM
Topical term or geographic name as entry element हिंदी कहानी
9 (RLIN) 59613
650 ## - SUBJECT ADDED ENTRY--TOPICAL TERM
Topical term or geographic name as entry element hindi literature
9 (RLIN) 59614
650 ## - SUBJECT ADDED ENTRY--TOPICAL TERM
Topical term or geographic name as entry element Hindi Story
9 (RLIN) 43117
942 ## - ADDED ENTRY ELEMENTS (KOHA)
Source of classification or shelving scheme Dewey Decimal Classification
Koha item type Hindi Books
Classification part
Call number suffix दासगो
Holdings
Withdrawn status Lost status Damaged status Not for loan Home library Current library Date acquired Source of acquisition Cost, normal purchase price Total Checkouts Full call number Barcode Date last seen Copy number Cost, replacement price Price effective from Koha item type Source of classification or shelving scheme Collection code
Withdrawn       Central Library Central Library 19/08/2015 Cen Lib/Ret 110.00   क दासगो B-057911 19/08/2015 1 110.00 19/08/2015 Hindi Books    
        Shahdara Branch Shahdara Branch 16/11/2018 BPPD/PUB 110.00   क दासगो B-057933 16/11/2018   110.00 16/11/2018 Hindi Books Dewey Decimal Classification Fiction

© Delhi Public Library
Hit Counter
free hit counter